Soil organic carbon: The most reliable indicator for monitoring land degradation by soil erosion (Record no. 68856)

MARC details
000 -LEADER
fixed length control field 00612nam a2200217Ia 4500
100 ## - MAIN ENTRY--AUTHOR NAME
Personal name Rajan K.
245 #0 - TITLE STATEMENT
Title Soil organic carbon: The most reliable indicator for monitoring land degradation by soil erosion
260 ## - PUBLICATION, DISTRIBUTION, ETC. (IMPRINT)
Name of publisher Current Science
Year of publication 2010
300 ## - PHYSICAL DESCRIPTION
Number of Pages 823-827
650 ## - SUBJECT ADDED ENTRY--TOPICAL TERM
Topical Term Erosion
650 ## - SUBJECT ADDED ENTRY--TOPICAL TERM
Topical Term Land degradation
650 ## - SUBJECT ADDED ENTRY--TOPICAL TERM
Topical Term Multivariate anlaysis
650 ## - SUBJECT ADDED ENTRY--TOPICAL TERM
Topical Term Quality indicators
650 ## - SUBJECT ADDED ENTRY--TOPICAL TERM
Topical Term Soil organic carbon
700 ## - ADDED ENTRY--PERSONAL NAME
Personal name Anil Kumar K.S.
700 ## - ADDED ENTRY--PERSONAL NAME
Personal name Badrinath M.S.
700 ## - ADDED ENTRY--PERSONAL NAME
Personal name Gowda R.C.
700 ## - ADDED ENTRY--PERSONAL NAME
Personal name Natarajan A.
942 ## - ADDED ENTRY ELEMENTS (KOHA)
Koha item type Journals
Holdings
Withdrawn status Lost status Damaged status Not for loan Home library Current library Date acquired Serial Enumeration / chronology Koha item type
      Journals RRII Library RRII Library 29/10/2010 Volume 99, Issue 6 Journals